Desarrollo de un sistema automatizado online para la gestión y registro de operaciones EMARSA

Presenta el desarrollo de un sistema automatizado online para la gestión y registro de operaciones Emarsa tiene como propósito instaurar un sistema que contribuya a la agilización de la gestión operativa que está siendo orientado a la implementación de nuevas tecnologías que le sean útiles y...

Full description

Bibliographic Details
Main Authors: Alcántara Urbina, Delia Mercedes, López Reyes, Manuel Alexander
Other Authors: Tutor: Lacayo Cruz, Patricia del Carmen
Format: Tesis Section = Libro
Language:Undetermined
Spanish
Published: Managua UNI 2017
Subjects:
LEADER 01316nam a2200289Ia 4500
008 240830s9999 xx 000 0 und d
040 |a BIBLIOTECA-RUPAP Mon 005.3 A347 
041 |a spa 
082 |a Mon 005.3 A347 
100 1 |a Alcántara Urbina, Delia Mercedes 
100 1 |b  López Reyes, Manuel Alexander 
245 1 0 |a Desarrollo de un sistema automatizado online para la gestión y registro de operaciones EMARSA 
260 |a Managua  |b UNI  |c 2017 
300 |a 149 p. :il. 
500 |a Contiene: anexos e incluye: CD. 
502 |a Tesis (Ingeniero de Sistemas)- UNI, 2017. 
520 3 |a Presenta el desarrollo de un sistema automatizado online para la gestión y registro de operaciones Emarsa tiene como propósito instaurar un sistema que contribuya a la agilización de la gestión operativa que está siendo orientado a la implementación de nuevas tecnologías que le sean útiles y provechosas para una mejor administración de los recursos. 
650 7 |a SISTEMA DE ALMACENAMIENTO Y RECUPERACION DE INFORMACION 
650 7 |b SISTEMAS AUTOMADOS ONLINE 
650 7 |c REGISTRÓ DE OPERACIONES 
650 7 |d REDES DE COMPUTADORES 
650 7 |e INTERNET 
650 7 |f PAGINA WEB 
700 1 |a Tutor:  |b Lacayo Cruz, Patricia del Carmen 
942 |c BK  |2 ddc 
991 |a TESIS 
999 |c 15305